Farby, materiály a povrchy v automobilovom dizajne

Enregistré dans:
Détails bibliographiques
Auteur principal: Zacharová, Martina (Auteur)
Autres auteurs: Lipková, Michala (Directeur de thèse)
Format: Manuscrit Livre
Langue:slovaque
Publié: 2024
Sujets:
Accès en ligne:http://is.stuba.sk/zp/portal_zp.pl?podrobnosti=162183
Tags: Ajouter un tag
Pas de tags, Soyez le premier à ajouter un tag!

MARC

LEADER 00000ntm a22000003a 4500
001 stuzp98322
003 SK-STU
005 20240615210855.3
007 ta
008 150427s2015----xo-----f-mn---000-0-slo-d
040 |a STU  |b slo 
041 0 |a slo 
100 1 |a Zacharová, Martina  |u 059190  |4 aut  |U FAD Fakulta architektúry a dizajnu  |T FAD Ústav dizajnu  |X 110416  |U A9190  |Y 400  |7 110416 
242 0 1 |a Colors, materials and surface finishes in automotive design  |y eng 
245 1 0 |a Farby, materiály a povrchy v automobilovom dizajne 
260 |c 2024 
650 4 |a komfort  |2 slo 
650 4 |a antistres  |2 slo 
650 4 |a dotyk  |2 slo 
650 4 |a comfort  |2 eng 
650 4 |a anti-stress  |2 eng 
650 4 |a touch  |2 eng 
700 1 |a Lipková, Michala  |u 059190  |k Z1  |4 ths  |U FAD Fakulta architektúry a dizajnu  |T FAD Ústav dizajnu  |X 15371  |U A9190  |Y 400  |7 A000015371 
856 4 |u http://is.stuba.sk/zp/portal_zp.pl?podrobnosti=162183